000 00592cam a2200217 i 4500
003 OSt
005 20230622090717.0
008 170310s2018 nyu b 001 0 eng
020 _a9781138743847
040 _cNIRUC
050 0 0 _aH61
_b.D86 2018
100 1 _aDunn, William N.
245 1 0 _aPublic policy analysis :
_ban integrated approach /
250 _a6th ed.
260 _aNewyork
_bRoutledge
_c2018
300 _axxx, 468 p.
_c26 cm
504 _aIncludes bibliographical references
650 0 _aPolicy sciences
650 0 _aPolitical planning
_xEvaluation
942 _2lcc
_cBK
_n0
999 _c118
_d118